| 000 | 01146nam a22002657a 4500 | ||
|---|---|---|---|
| 001 | 5479 | ||
| 003 | FISKH | ||
| 005 | 20241210123649.0 | ||
| 008 | 241210b cb ||||| |||| 00| 0 eng d | ||
| 020 | _a9780439923125 | ||
| 040 |
_aFISKH _beng _cFISKH _dFISKH |
||
| 050 | _aQA5.M575 | ||
| 082 | _a510.3 | ||
| 100 | _aMonroe, Eula Ewing | ||
| 245 |
_aMath dictionary : _bthe easy way, simple , fun guide to help math phobics become math lovers ! / _cby Eula Ewing Monroe |
||
| 250 | _aFirst Scholastic printing, October 2006 | ||
| 260 |
_aNew York : _bScholastic ; _c2006. |
||
| 300 |
_a206 pages : _bcolor illustrations ; _c26 cm . |
||
| 520 | _aHere's real help for math students. From abacus to zero property of multiplication, this handy reference guide for students contains more than five hundred common mathematical terms. Written in simple language and illustrated with hundreds of helpful photographs and drawings, Math Dictionary takes the mystery out of math. | ||
| 650 |
_areference _vNon-fiction |
||
| 650 |
_ateacher resource _vNon-fiction |
||
| 700 |
_aGeorge, Jeff _eBook designer |
||
| 942 |
_2ddc _cBK _n0 |
||
| 999 |
_c5479 _d5479 |
||